Statistics for Geography Generator Puzzle #18

Click here to take the quiz!

General Stats

  • This quiz has been taken 583 times
  • The average score is 8 of 20

Answer Stats

hintanswer% Correct
In the Irish Sea, the Isle of...Man
85%
Born __ the USA says Brucein
83%
add bia to get an African countryNami
81%
past Ugandan presidentAmin
73%
Armenia's internet suffixam
70%
German riverMain
60%
Florida's 2nd busiest airportMIA
52%
1970's Vietless war destinationNam
44%
New City in ThaiChiang {Mai}
43%
Chinese dialectMin
35%
Sault Ste Marie's stateMI
34%
big African island has 4 of thesea
32%
8 letter geographical term
after SURE is added
SURINAME
32%
Africa Inland MissionAIM
23%
one of France's 101 departmentsAin
17%
suburb of Accra, pop 69,000Nima
13%
Shinto ceremonial small tablean
12%
town, pop 3000, on SantoriniIa
9%
ancient city of JudahAnim
8%
Papua New Guinean tribeMian
4%

Score Distribution

Percentile by Number Answered

Percent of People with Each Score

Your Score History

You have not taken this quiz